<?xml version="1.0" encoding="UTF-8"?>
<record
    xmlns:xsi="http://www.w3.org/2001/XMLSchema-instance"
    xsi:schemaLocation="http://www.loc.gov/MARC21/slim http://www.loc.gov/standards/marcxml/schema/MARC21slim.xsd"
    xmlns="http://www.loc.gov/MARC21/slim">

  <leader>00976nam a2200217   4500</leader>
  <controlfield tag="001">126345</controlfield>
  <controlfield tag="003">ES-MaACL</controlfield>
  <controlfield tag="005">20250607063027.0</controlfield>
  <controlfield tag="007">t|</controlfield>
  <controlfield tag="008">070214n19001930sp      r    ||||1| spa d</controlfield>
  <datafield tag="100" ind1="1" ind2=" ">
    <subfield code="a">Reclus, &#xC9;lis&#xE9;e, </subfield>
    <subfield code="d">1830-1905</subfield>
    <subfield code="9">95775</subfield>
  </datafield>
  <datafield tag="245" ind1="1" ind2="3">
    <subfield code="a">El hombre y la tierra / </subfield>
    <subfield code="c">Eliseo Recl&#xFA;s ; versi&#xF3;n espa&#xF1;ola de A. Lorenzo ; bajo la direcci&#xF3;n de Od&#xF3;n de Buen.</subfield>
  </datafield>
  <datafield tag="260" ind1=" " ind2=" ">
    <subfield code="a">Barcelona : </subfield>
    <subfield code="b">Maucci, </subfield>
    <subfield code="c">[19__?]</subfield>
  </datafield>
  <datafield tag="300" ind1=" " ind2=" ">
    <subfield code="a">6 v. : </subfield>
    <subfield code="b">il. ; </subfield>
    <subfield code="c">20 cm.</subfield>
  </datafield>
  <datafield tag="505" ind1="8" ind2=" ">
    <subfield code="a">Contiene: Tomo I. Los antepasados. Historia Antigua. Tomo II. Historia antigua (continuaci&#xF3;n). Tomo III. Historia antigua. Historia moderna. Tomo IV. Historia moderna (continuaci&#xF3;n). Tomo V. Historia moderna. Historia contempor&#xE1;nea. Tomo VI. Historia contempor&#xE1;nea (continuaci&#xF3;n).</subfield>
  </datafield>
  <datafield tag="650" ind1="0" ind2="4">
    <subfield code="a">Civilizaci&#xF3;n-</subfield>
    <subfield code="x">Historia</subfield>
    <subfield code="9">11082</subfield>
  </datafield>
  <datafield tag="700" ind1="1" ind2=" ">
    <subfield code="a">Lorenzo, A.</subfield>
    <subfield code="9">74139</subfield>
  </datafield>
  <datafield tag="700" ind1="1" ind2=" ">
    <subfield code="a">Buen, Od&#xF3;n de,</subfield>
    <subfield code="d">1863-1945</subfield>
    <subfield code="9">32355</subfield>
  </datafield>
  <datafield tag="852" ind1=" " ind2=" ">
    <subfield code="a">ES-MaACL</subfield>
    <subfield code="j">A-1582-87</subfield>
  </datafield>
  <datafield tag="999" ind1=" " ind2=" ">
    <subfield code="c">126345</subfield>
    <subfield code="d">126345</subfield>
  </datafield>
  <datafield tag="952" ind1=" " ind2=" ">
    <subfield code="0">0</subfield>
    <subfield code="1">0</subfield>
    <subfield code="4">0</subfield>
    <subfield code="7">0</subfield>
    <subfield code="a">ATENEOM</subfield>
    <subfield code="b">ATENEOM</subfield>
    <subfield code="c">SPP1</subfield>
    <subfield code="d">2008-01-17</subfield>
    <subfield code="e">SC</subfield>
    <subfield code="l">0</subfield>
    <subfield code="o">A-1582-87</subfield>
    <subfield code="p">1131595</subfield>
    <subfield code="r">2023-02-23 00:00:00</subfield>
    <subfield code="w">2023-02-23</subfield>
    <subfield code="y">MONOGRAFIA</subfield>
  </datafield>
</record>
